| 000 -LEADER |
| fixed length control field |
01483cam a2200289 i 4500 |
| 003 - CONTROL NUMBER IDENTIFIER |
| control field |
OSt |
| 005 - DATE AND TIME OF LATEST TRANSACTION |
| control field |
20220407131847.0 |
| 006 - FIXED-LENGTH DATA ELEMENTS--ADDITIONAL MATERIAL CHARACTERISTICS--GENERAL INFORMATION |
| fixed length control field |
m |o d | |
| 008 - FIXED-LENGTH DATA ELEMENTS--GENERAL INFORMATION |
| fixed length control field |
180905s2019 enk ob 001 0 eng |
| 010 ## - LIBRARY OF CONGRESS CONTROL NUMBER |
| LC control number |
2020693006 |
| 020 ## - INTERNATIONAL STANDARD BOOK NUMBER |
| Cancelled/invalid ISBN |
9780815352600 |
| Qualifying information |
pb : alk. paper |
| 040 ## - CATALOGING SOURCE |
| Original cataloging agency |
DLC |
| Language of cataloging |
eng |
| Description conventions |
rda |
| Transcribing agency |
DLC |
| 050 00 - LIBRARY OF CONGRESS CALL NUMBER |
| Classification number |
NA1995 |
| 082 00 - DEWEY DECIMAL CLASSIFICATION NUMBER |
| Classification number |
720.28 |
| Edition number |
23 |
| 100 1# - MAIN ENTRY--PERSONAL NAME |
| Personal name |
Deutsch, Randy, |
| Relator term |
author. |
| 245 10 - TITLE STATEMENT |
| Title |
Superusers : |
| Remainder of title |
design technology specialists and the future of practice / |
| Statement of responsibility, etc |
Randy Deutsch. |
| 260 ## - PUBLICATION, DISTRIBUTION, ETC. (IMPRINT) |
| Name of publisher, distributor, etc |
Routledge |
| 300 ## - PHYSICAL DESCRIPTION |
| Extent |
1 online resource |
| 504 ## - BIBLIOGRAPHY, ETC. NOTE |
| Bibliography, etc |
Includes bibliographical references and index. |
| 505 0# - FORMATTED CONTENTS NOTE |
| Formatted contents note |
Introduction : How a specialist came to be this generation's generalist architect. Why superusers? Superusers' C-Factors -- Superuser superpowers -- Roles superusers play -- Finding and making superusers. Superusers value proposition -- Hiring (and poaching) superusers -- Engaging (and retaining) superusers -- Managing and leading superusers. The career path not taken : The superuser risk journey -- Design technologists as digitally savvy designers -- Leading Superusers. |
| 650 #0 - SUBJECT ADDED ENTRY--TOPICAL TERM |
| Topical term or geographic name as entry element |
Architectural practice. |
| 650 #0 - SUBJECT ADDED ENTRY--TOPICAL TERM |
| Topical term or geographic name as entry element |
Design |
| General subdivision |
Practice. |
| 650 #0 - SUBJECT ADDED ENTRY--TOPICAL TERM |
| Topical term or geographic name as entry element |
Architecture |
| General subdivision |
Technological innovations. |
| 650 #0 - SUBJECT ADDED ENTRY--TOPICAL TERM |
| Topical term or geographic name as entry element |
Technology |
| General subdivision |
Social aspects. |
| 776 08 - ADDITIONAL PHYSICAL FORM ENTRY |
| Display text |
Print version: |
| Main entry heading |
Deutsch, Randy, author. |
| Title |
Superusers |
| Place, publisher, and date of publication |
London ; New York : Routledge, Taylor & Francis Group, 2019. |
| International Standard Book Number |
9780815352594 (hb : alk. paper) |
| Record control number |
(DLC) 2018042735 |
| 942 ## - ADDED ENTRY ELEMENTS (KOHA) |
| Source of classification or shelving scheme |
|